header

Erotic revolutionaries (Record no. 82061)

MARC details
000 -LEADER
fixed length control field 01220nam a2200301Ia 4500
100 1# - MAIN ENTRY--AUTHOR NAME
Personal name Lee, Shayne.
245 10 - TITLE STATEMENT
Title Erotic revolutionaries
260 ## - PUBLICATION, DISTRIBUTION, ETC. (IMPRINT)
Place of publication Lanham, MD :
Name of publisher Hamilton Books,
Year of publication 2010.
300 ## - PHYSICAL DESCRIPTION
Number of Pages xvii, 145 p.
650 #0 - SUBJECT ADDED ENTRY--TOPICAL TERM
Topical Term African American women.
Topical Term African American women
Topical Term African American women in popular culture.
856 40 - ELECTRONIC LOCATION AND ACCESS
Uniform Resource Identifier http://site.ebrary.com/lib/rucke/Doc?id=10404888

No items available.

© 2026 Rongo University
Contact us: librarian | system librarian | Rongo university